Statistics for Biggest urban areas in Mexico

Click here to take the quiz!

General Stats

  • This quiz has been taken 43 times
  • The average score is 12 of 20

Answer Stats

AnswerPopulation% Correct
Guadalajara4,887,383
100%
Mexico City20,892,724
100%
Tijuana1,840,710
97%
Monterrey4,689,601
95%
Puebla2,941,988
87%
Ciudad Juárez1,391,180
77%
León1,768,193
74%
Mérida1,143,041
74%
Mexicali988,417
72%
Chihuahua918,339
62%
Veracruz915,223
62%
Toluca2,202,886
56%
Aguascalientes1,044,049
49%
San Luis Potosí1,159,807
49%
Torreón1,342,195
49%
Querétaro1,323,640
33%
Morelia911,960
31%
Saltillo923,636
31%
Cuernavaca983,365
26%
Tampico916,854
26%

Score Distribution

Percentile by Number Answered

Percent of People with Each Score

Your Score History

You have not taken this quiz